000 00286nam a22001337a 4500
008 170315b xxu||||| |||| 00| 0 eng d
020 _a9780763723569
041 _aeng
080 _a611
100 _a7
101 _aSHM
245 _aHUMAN BODY SYSTEMS
_cCHIRAS, D.D
942 _2udc
_cBK
999 _c7904
_d7904